000 00850nam a2200253 a 4500
001 53260
003 BD-RjUL
005 20211209075932.0
008 161004s1963 nyua b 000 0 eng
035 _a(BD-RjUL)53380
040 _aDLC
_cDLC
_dBD-RjUL
_beng
041 _aeng
082 0 0 _a530.12
_223
_bSLQ 1963
100 1 _aSlater, John C.
_q(John Clarke),
_d1900-1976.
_9159201
245 1 0 _aQuantum theory of molecules and solids /
_cJohn C. Slater.
260 _aNew York :
_bMcGraw-Hill Book Company,
_c1963
300 _aV. :
_bill. ;
_c24 cm.
490 0 _aInternational series in pure and applied physics
504 _aIncludes bibliographies.
505 0 _aVol.1 Electronic structure of molecules -- Vol. 2 Symmetry and energy bands in crystals
650 0 _aQuantum theory.
_9159202
650 0 _aMolecules.
_9122899
942 _2ddc
_cBK
999 _c53260
_d53260